00706 2200241 4500001002100000005001500021035002000036007000300056008004100059020002200100082001100122084001700133100002200150245011300172250001100285260003100296300004600327700002200373700001800395700002000413700001700433700001400450INLIS00000000000182620240516094447 a0010-0524000004ta240516 f 0 ind  a978-623-180-210-1 a631.58 a631.58 AGU b0 aAgung Tri Laksono1 aBidik P5 Proyek Penguatan Profil Pancasila: Rekayasa dan Teknologi untuk SMA/MA Kelas X /cAgung Tri Laksono aCet. 1 aJakarta :bErlangga,c2023 aviii + 88 hlm. :bilust. ;c21 cm x 29 cm0 aDuwi Retnaningsih0 aEny Kristiani0 aEndah Wihartati0 aEty Syarifah0 aSri Kandi